Responses for Show #2157 - Tuesday, January 11, 1994

Contestants

[<< previous game]

Steve Ashworth, a financial consultant from Mount Kisco, New York

Jon Olson, a contract manager from Chatham, New Jersey

Graydon Hazenberg, a graduate student originally from Thunder Bay, Ontario (whose 1-day cash winnings total $17,000)

[next game >>]

Jeopardy! Round responses

INSECTS
SILLY SONGS
THE SMITHSONIAN
QUOTES
COLORS
PRESIDENTIAL ALMA MATERS
    $100 4
webs

Graydon
    $100 22
Beat It

Steve
    $100 17
Panama

Graydon
    $100 1
at the end of the tunnel

Steve
    $100 13
grey

Jon
    $100 5
Richard Nixon

Jon
    $200 9
a moth

Graydon
    $200 23
the Chipmunks

Steve
    $200 27
New York City

Steve
    $200 2
Venice

Steve
    $200 16
red

Jon
    $200 6
Ronald Reagan

Graydon
    $300 10
pollen

Graydon
    $300 24
Shirley Temple

Graydon
    $300 28
the Hope Diamond

Graydon
    $300 3
alive

Graydon
    $300 18
salmon

Graydon
    $300 12
Clinton

Steve
    $400 11
wasps

Jon
    $400 25
Jimmy Buffett

Steve
    $400 29
(Francis Scott) Key

Steve
    $400 7
Death of a Salesman

Steve
    $400 19
kohl

Triple Stumper
    $400 14
Gerald Ford

Jon
    $500 21
grub

Steve
    $800 26
Carmen Miranda

Steve
    $500 30
Chief Justice of the United States (C.J. of Supreme Court accepted)

Graydon
    $500 8
Guy Fawkes

Graydon
    $500 20
yellow

Triple Stumper
    $500 15
Lyndon Johnson

Graydon

Scores at the first commercial break (after clue 15):

Graydon Jon Steve
$2,100 $1,000 $1,000

Scores at the end of the Jeopardy! Round:

Graydon Jon Steve
$3,600 $1,200 $3,600

Double Jeopardy! Round responses

THE 16th CENTURY
STATE CAPITALS
SWEETENERS
9-LETTER WORDS
BLACK AMERICA
HODGEPODGE
    $200 1
(Amerigo) Vespucci

Jon
    $200 6
Sacramento

Jon
    $200 21
honey

Jon
    $200 11
influenza

Jon
    $200 26
Uncle Tom

Jon
    $200 12
mocha

Steve
    $400 2
the Julian calendar

Steve
    $400 7
Atlanta

Graydon
    $400 22
molasses

Jon
    $400 13
a manifesto

Graydon
    $400 27
Marion Barry

Jon
    $400 17
Jericho

Jon
    $600 3
(Thomas) More

Graydon
    $600 8
Boise

Steve
    $600 23
(Graydon: What is aspartame?)

(Jon: What is NutraSweet?)

saccharin

GraydonJonSteve
    $600 14
bilingual

Steve
    $600 28
Berry Gordy, Jr.

Steve
    $600 18
Hans Christian Andersen

Graydon
    $2,500 4
Malta

Graydon
    $800 9
Helena

Jon
    $2,000 24
beet root

Steve
    $800 15
a whirlpool

Jon
    $800 29
Eldridge Cleaver

Steve
    $800 19
a pole

Steve
    $1000 5
Atahualpa

Graydon
    $1000 10
Montgomery

Graydon
    $1000 25
aspartame

Steve
    $1000 16
a portfolio

Jon
    $1000 30
(Jon: Who was Jessye Norman?)

Leontyne Price

Jon
Triple Stumper
    $1000 20
the DEW Line

Graydon

Scores at the end of the Double Jeopardy! Round:

Graydon Jon Steve
$10,500 $4,400 $11,200

[wagering suggestions for these scores]

Final Jeopardy! Round responses

FAMOUS WOMEN
JonWho is Mary Baker Eddy
$2,999
GraydonWho Anna Freud
$1,699
SteveWho was Mary Baker Eddy
$10,000
Mary Baker Eddy

Final scores:

Graydon Jon Steve
$8,801 $7,399 $21,200
2nd place: a trip for two to the Grove Park Inn Rsort in Ashville, NC+Jeopardy! home game 3rd place: a crytal castle from Iris Arc Crystal+Jeopardy! home game New champion: $21,200

Game dynamics:

Coryat scores:

Graydon Jon Steve
$8,800 $4,400 $9,700
20 R
(including 1 DD),
1 W
16 R,
2 W
21 R
(including 2 DDs),
0 W

Combined Coryat: $22,900

[game clues] [game scores] [suggest correction]

Game tape date: 1993-09-27
The J! Archive is created by fans, for fans. Scraping, republication, monetization, and malicious use prohibited; this site may use cookies and collect identifying information. See terms. The Jeopardy! game show and all elements thereof, including but not limited to copyright and trademark thereto, are the property of Jeopardy Productions, Inc. and are protected under law. This website is not affiliated with, sponsored by, or operated by Jeopardy Productions, Inc. Join the discussion at JBoard.tv.